Prešov - Pomník ČA

Zobrazenie: Pohľad v bielom orámovaní na pomník v popredí. V pozadí vpravo vidno kostol sv. Mikuláša a uprostred je vidno niekoľko stromov a kríkov

Bibliographic Details
Format: Postcard
Language:Slovak
PhysicalDescription:1 pohľadnica čiernobiela 14 x 9 cm
Published: Prešov Slovakotour 1948
Subjects:

MARC

LEADER 00000nkm a2200000 a 4500
001 vtls011829574
003 SK-MaSNL
005 20260512130501.0
007 kp bo
008 240221s1948 xo g kuslo
015 |a SNBG1948 
035 |a urn:nbn:sk:snk-km00dubk 
035 |a urn:nbn:sk:snk-km3ltqg 
035 |a EF314A38-6B03-4D11-AC48-6956BFC31475 
040 |a SNK  |b slo  |c SNK  |e AACR2 
041 0 |a slo 
043 |a e-xo--- 
044 |a xo  |c SK 
072 7 |a 913  |x Regionálna geografia  |2 konspekt 
080 |a 913(437.6)  |2 2011 
080 |a (084.121)  |2 2011 
080 |a 726:27-523.42  |2 2011 
080 |a 712.253  |2 2011 
080 |a 725.945  |2 2011 
245 0 0 |a Prešov - Pomník ČA  |h grafika 
260 |a Prešov  |b Slovakotour  |c 1948  |e Vyškov  |f Fototypia 
300 |a 1 pohľadnica  |b čiernobiela  |c 14 x 9 cm 
520 8 |a Zobrazenie: Pohľad v bielom orámovaní na pomník v popredí. V pozadí vpravo vidno kostol sv. Mikuláša a uprostred je vidno niekoľko stromov a kríkov 
650 0 7 |a pamätníky  |2 SNKPH  |9 25601 
650 0 7 |a parky  |2 SNKPH  |9 2942 
650 0 7 |a kostoly  |2 SNKPH  |9 3023 
651 7 |a Prešov (Slovensko)  |2 SNKPHgeo  |9 17347 
655 7 |a miestne pohľadnice  |2 SNKPH  |9 70510 
852 |a Slovenská národná knižnica 
958 |a EUIPO 
958 |a GBN 
958 |a GC 
958 |a OND 
999 |c 1202171  |d 1204101 
952 |a SNK  |b SNK  |y PREZ  |7 0  |p 17A1292331  |o snkSP 147447  |0 0  |1 0  |4 0  |d 2018-12-12  |f 1  |l 0  |r 2026-02-24 22:46:05  |w 2026-02-24